01372nam a22001937a 4500003001000000005001700010008004100027020001800068040001400086041000700100100002200107245004800129260002800177300001100205500007300216520086300289650001501152654001101167IT-MiCISF20240529122450.0240509b |||||||| |||| 00| 0 eng d a9788831555357 cIT-MiCISF ait aBettetini Massimo aGrandi insieme.bGenitori e figli 6-12 anni aMilano, bPaolinec2022 app. 89 aeducazione-familiare, educazione-bambini, educazione, preadolescenza aSiamo nell'età delicata in cui maschi e femmine si differenziano maggiormente rispetto alla rapidità di sviluppo psico-fisico. L'Autore presenta i temi tipici di questa fascia d'età: ingresso nella scuola dell'obbligo, pregi e pericoli dei social, separazione dei genitori, maturazione psico-affettiva, sviluppo sessuale, scoperta della spiritualità, stupore per la bellezza di sé, degli altri, delle cose, bullismo, ribellione... Secondo di tre volumi è aggiornato a temi di attualità e risponde a molte delle domande sulla complessità dell'oggi. Alla fine di ogni capitolo del libro tre Domande e risposte che esaminano situazioni concrete della vita quotidiana. Ogni libro si conclude con L'ABC del cuore: una voce per ogni lettera dell'alfabeto per affrontare in famiglia l'affettività e i suoi aspetti. Sette lettere per ciascun libro. aEducazione asaggio